000 00799nam a22002417a 4500
003 UA-OsUOA
001 124092
007 ta
008 20170726b un ||||| |||| 00| 0 ukr d
100 _aРасторопов С. В.
090 _a343.6(470+571)
_bР24
942 _cBK
040 _aUA-OsUOA
_brus
_cUA-OsUOA
_dUA-OsUOA
245 _aУголовно-правовая охрана здоровья человека от преступных посягательств
_bмонография
300 _a489 с.
955 _a1
041 _arus
080 _a343.6(470+571)
020 _a5-94201-495-7
260 _aСПб
_bЮридический центр Пресс
_c2006
650 7 _a343 Кримінальне право. Карні порушення
_2UDC
999 _c411318
_d411318